| 000 | 00415nam a22001577a 4500 | ||
|---|---|---|---|
| 003 | PILC | ||
| 005 | 20151009082826.0 | ||
| 008 | 151009b xxu||||| |||| 00| 0 eng d | ||
| 020 | _a0671880608 | ||
| 050 |
_aPZ 7 _b.M478 1994 |
||
| 100 | _aMcNaught, Judith. | ||
| 245 |
_aUntil you / _cJudith McNaught. |
||
| 260 |
_aNew York : _bPocket Star Books, _c1994. |
||
| 300 |
_a440 pages ; _c19 cm. |
||
| 942 |
_2lcc _cBK _kFOR |
||
| 999 |
_c288839 _d288839 |
||